00256 a2200109 4500001000700000020000600007040001100013100003400024240004200058245003700100362000900137170132 a  cMagnum aMoraes, Antonio Carlos Robert10aMeio ambiente e ciencias humanaslpor10aMeio ambiente e ciencias humanas0 a1899